000 00503nam a2200217Ia 4500
003 OSt
005 20221005130546.0
006 a|||||r|||| 00| 0
007 ta
008 221004b |||||||| |||| 00| 0 eng d
024 _a120505
037 _cTextual
040 _aCRL
_cCRL
_beng
041 _2eng
_aeng
100 _aDhar P N
245 0 _aRole of small enterprises in Indian eco
260 _c1961
650 _aECONOMICS
942 _cTEXL
_2cc
999 _c1057647
_d1057647